000
00310nam a22001217a 4500
003
SGT
082
_a
920
_b
J16K
100
_a
खेमानी, कुसुम
245
_a
जड़िया बाई
260
_b
राजकमल पेपरबैक्स
_c
2016
300
_a
167
942
_2
ddc
_c
BK
999
_c
32021
_d
32021